The Classroom: A Logic Puzzle Quiz Stats

 Plays Quiz Updated Sep 14, 2017

Challenge
Share
Tweet
Score 0/25 Timer 20:00
0 Plays Today
% Correct
???
100%
???
87.4%
???
80.4%
???
80.2%
???
70.8%
???
69.7%
???
68.7%
???
68.3%
???
59.5%
???
59.2%
???
55.5%
???
55.4%
???
51.7%
% Correct
???
46.6%
???
46.5%
???
41.4%
???
38.8%
???
38.5%
???
35.7%
???
34.9%
???
34.2%
???
31.8%
???
25.3%
???
24.5%
???
24.3%

You're not logged in!

Compare scores with friends on all Sporcle quizzes.
OR
Log In

You Might Also Like...

Show Comments

Extras

Top Quizzes Today


Score Distribution

Your Account Isn't Verified!

In order to create a playlist on Sporcle, you need to verify the email address you used during registration. Go to your Sporcle Settings to finish the process.

Report this User

Report this user for behavior that violates our Community Guidelines.

Details: